Statistics for Portuguese Travel Vocabulary

Click here to take the quiz!

General Stats

  • This quiz has been taken 136 times
  • The average score is 34 of 53

Answer Stats

HintAnswer% Correct
visitvisita
97%
tourvisita guiada
97%
hotelhotel
94%
to travelviajar
93%
to visitvisitar
92%
carcarro
91%
taxitáxi
91%
museummuseu
87%
euroeuro
85%
planeavião
84%
real (brazilian currency)real
84%
dollardólar
83%
restaurantrestaurante
82%
touristturista
80%
poolpiscina
79%
tourismturismo
79%
moneydinheiro
78%
passportpassaporte
78%
airportaeroporto
77%
boatbarco
76%
traintrem
75%
vacationférias
74%
ticketbilhete
72%
tour guideguia
72%
busônibus
71%
tripviagem
67%
translationtradução
65%
to translatetraduzir
63%
pursebolsa
61%
suitcasemala
60%
translatortradutor(a)
60%
sitesítio
58%
luggagebagagem
57%
securitysegurança
57%
roadrua
56%
walletcarteira
54%
train stationestação de trem
54%
hotel roomquarto de hotel
54%
bus stopparada de ônibus
49%
waitergarçom
48%
currencymoeda corrente
47%
to exchangetrocar
43%
innpousada
42%
highwayauto-estrada
41%
waitressgarçonete
41%
signplaca
39%
room serviceserviço de quarto
38%
hotel guesthóspede
32%
customsalfândega
29%
sailboatbarco a vela
29%
maidempregada doméstica
24%
exchange ratetaxa de câmbio
23%
to check inregistrar-se
21%

Score Distribution

Percentile by Number Answered

Percent of People with Each Score

Your Score History

You have not taken this quiz